How Many? The Legend of Zelda: Breath of the Wild - Statistics

General Stats
  • This quiz has been taken 64 times
  • The average score is 13 of 16
Answer Stats
Hint Answer % Correct
Divine Beasts 4
100%
Shrines in the Lost Woods 5
98%
Sheikah Towers 15
95%
Stables 15
95%
Geographical Regions 8
93%
Briddle and Saddle Sets 7
88%
Shrines 120
86%
Korok Seeds 900
84%
Hebra Shrines 13
77%
Lynels 23
77%
Talus 40
77%
Korok Seeds on Great Plateau 17
74%
Max Rupees 999,999
72%
Shrine Quests 42
67%
Side Quests 76
58%
Guardian Stalkers 46
53%
No matching quizzes found
Score Distribution
Percent of People with Each Score
Percentile by Number Answered
Your Score History
You have not taken this quiz